000
00315nam a2200133Ia 4500
005
20251222152723.0
008
251222s9999||||xx |||||||||||||| ||spa||
020
_a
8426315941
082
_a
371.394/V77
100
_a
Vives, Luis
245
0
_a
Valores Material para TutorĂa:
264
_b
Luis Vives
942
_c
LIB
999
_c
29649
_d
29649